<?xml version="1.0" encoding="UTF-8"?>
<record
    xmlns:xsi="http://www.w3.org/2001/XMLSchema-instance"
    xsi:schemaLocation="http://www.loc.gov/MARC21/slim http://www.loc.gov/standards/marcxml/schema/MARC21slim.xsd"
    xmlns="http://www.loc.gov/MARC21/slim">

  <leader>00579nam a22001817a 4500</leader>
  <controlfield tag="005">20220829160444.0</controlfield>
  <controlfield tag="008">140128b        mx ||||| |||| 00| 0 spa d</controlfield>
  <datafield tag="050" ind1="0" ind2="4">
    <subfield code="a">PQ7297 </subfield>
    <subfield code="b">G3 1982 </subfield>
  </datafield>
  <datafield tag="050" ind1="0" ind2="4">
    <subfield code="a">PQ7298.17.A43</subfield>
    <subfield code="b">L46 1982</subfield>
  </datafield>
  <datafield tag="100" ind1="1" ind2=" ">
    <subfield code="a">Gama Cabrera, Rafael </subfield>
  </datafield>
  <datafield tag="245" ind1="1" ind2="0">
    <subfield code="a">Lenguaje a la deriva</subfield>
    <subfield code="c"> / Rafael Gama Cabrera. </subfield>
  </datafield>
  <datafield tag="250" ind1=" " ind2=" ">
    <subfield code="a">1a ed.</subfield>
  </datafield>
  <datafield tag="260" ind1=" " ind2=" ">
    <subfield code="a">Morelia : </subfield>
    <subfield code="b">Universidad Michoacana de San Nicolas de Hidalgo, </subfield>
    <subfield code="c">1982</subfield>
  </datafield>
  <datafield tag="300" ind1=" " ind2=" ">
    <subfield code="a">27 p. ; </subfield>
    <subfield code="c">21 cm. </subfield>
  </datafield>
  <datafield tag="650" ind1=" " ind2="7">
    <subfield code="2">lemb</subfield>
    <subfield code="a">Literatura mexicana </subfield>
    <subfield code="y">Siglo XX</subfield>
  </datafield>
  <datafield tag="650" ind1=" " ind2="7">
    <subfield code="2">lemb</subfield>
    <subfield code="a">Poes&#xED;a mexicana</subfield>
    <subfield code="y">Siglo XX</subfield>
  </datafield>
  <datafield tag="942" ind1=" " ind2=" ">
    <subfield code="2">lcc</subfield>
    <subfield code="c">LIB</subfield>
  </datafield>
  <datafield tag="999" ind1=" " ind2=" ">
    <subfield code="c">3087</subfield>
    <subfield code="d">3087</subfield>
  </datafield>
  <datafield tag="952" ind1=" " ind2=" ">
    <subfield code="1">0</subfield>
    <subfield code="2">lcc</subfield>
    <subfield code="4">0</subfield>
    <subfield code="7">0</subfield>
    <subfield code="a">HEM-021</subfield>
    <subfield code="b">HEM-021</subfield>
    <subfield code="c">GENERAL</subfield>
    <subfield code="d">2014-01-28</subfield>
    <subfield code="f">1</subfield>
    <subfield code="i">T</subfield>
    <subfield code="k">EH</subfield>
    <subfield code="o">PQ7297 G36 1982 </subfield>
    <subfield code="p">hpu000001391</subfield>
    <subfield code="r">2014-01-28 00:00:00</subfield>
    <subfield code="t">1</subfield>
    <subfield code="y">LIB</subfield>
  </datafield>
  <datafield tag="952" ind1=" " ind2=" ">
    <subfield code="1">0</subfield>
    <subfield code="2">lcc</subfield>
    <subfield code="4">0</subfield>
    <subfield code="7">0</subfield>
    <subfield code="a">HEM-021</subfield>
    <subfield code="b">HEM-021</subfield>
    <subfield code="c">GENERAL</subfield>
    <subfield code="d">2014-01-28</subfield>
    <subfield code="f">1</subfield>
    <subfield code="i">T</subfield>
    <subfield code="k">EH</subfield>
    <subfield code="o">PQ7297 G36 1982 </subfield>
    <subfield code="p">hpu000001392</subfield>
    <subfield code="r">2014-01-28 00:00:00</subfield>
    <subfield code="t">2</subfield>
    <subfield code="y">LIB</subfield>
  </datafield>
  <datafield tag="952" ind1=" " ind2=" ">
    <subfield code="1">0</subfield>
    <subfield code="2">lcc</subfield>
    <subfield code="4">0</subfield>
    <subfield code="7">0</subfield>
    <subfield code="a">BACH-004</subfield>
    <subfield code="b">BACH-004</subfield>
    <subfield code="c">GENERAL</subfield>
    <subfield code="d">2020-01-23</subfield>
    <subfield code="k">EH</subfield>
    <subfield code="o">PQ7298.17.A43 L46 1982</subfield>
    <subfield code="p">PPO000007612</subfield>
    <subfield code="r">2020-01-23 00:00:00</subfield>
    <subfield code="t">1</subfield>
    <subfield code="v">1.00</subfield>
    <subfield code="y">LIB</subfield>
  </datafield>
  <datafield tag="952" ind1=" " ind2=" ">
    <subfield code="1">0</subfield>
    <subfield code="2">lcc</subfield>
    <subfield code="4">0</subfield>
    <subfield code="7">0</subfield>
    <subfield code="a">UCIH</subfield>
    <subfield code="b">UCIH</subfield>
    <subfield code="c">GENERAL</subfield>
    <subfield code="d">2022-08-29</subfield>
    <subfield code="f">1a ed.</subfield>
    <subfield code="k">EH</subfield>
    <subfield code="l">0</subfield>
    <subfield code="o">PQ7298.17.A43 L46 1982</subfield>
    <subfield code="p">BCU000016848</subfield>
    <subfield code="r">2022-08-29 00:00:00</subfield>
    <subfield code="t">1</subfield>
    <subfield code="v">1.00</subfield>
    <subfield code="y">LIB</subfield>
  </datafield>
</record>
